Geografia Universal (Registo nº 573)

Detalhes MARC
000 -Etiqueta do registo
Cabeçalho 00587nam0a22002531 4500
005 - Identificador da versão
Campo de controlo 20240813121807.0
010 ## - Número internacional normalizado dos livros (ISBN)
Número (ISBN) 9728385846
021 ## - Número do Depósito Legal
Código do país PT
Número B-12294-98
035 ## - Other System Control Numbers
System Control Number 0000596
System Control Number 0000592
System Control Number 0000592
System Control Number 0000582
100 ## - Dados gerais de processamento
Dados gerais de processamento 20050926d a e0pory5003 ba
102 ## - Pais de publicação ou produção
País de publicação Portugal
101 1# - Língua de publicação
Língua do texto, banda sonora, etc. Português
Língua do documento no original Espanhol
106 ## - Campo de dados codificados: material textual
Dados codificados do material textual r
105 ## - Campo de dados codificados: livros
Dados codificados dos livros y z 001yy
215 ## - Descrição física 
Indicação específica da natureza do documento e extensão da espécie p. 191
Dimensões cm
200 1# - Titulo e menção de responsabilidade
Título próprio Geografia Universal
Título paralelo Actualização
Primeira menção de responsabilidade Carlos Gispert
210 ## - Publicação, Distribuição, etc. 
Lugar da edição, distribuição, etc. Lisboa
Nome do editor, distribuidor, etc. Oceano-Liarte Editores
942 ## - Elementos de entrada adicionados (Koha)
Tipo de item no Koha Livro
Exemplares
Situação do levantamento Origin of item (home branch) (coded) Biblioteca de empréstimo Código de barras Circulation type (not for loan) Tipo de documento Nota do exemplar Damaged status
  Biblioteca Escolar Eng. Nuno Mergulhão Biblioteca Escolar Eng. Nuno Mergulhão BENM769   Cativo Sem mensagem